[Event "Moscow op U26"]
[Site "Moscow"]
[Date "2012.02.01"]
[Round "5"]
[White "Dibirova, Umayganat"]
[Black "Babkin, Ivan"]
[Result "0-1"]
[WhiteElo "1879"]
[BlackElo "1955"]
[PlyCount "146"]
[EventDate "2012.01.28"]
[EventType "swiss"]
[EventRounds "9"]
[EventCountry "RUS"]
[SourceTitle "EXT 2013"]
[Source "ChessBase"]
[SourceDate "2012.11.22"]
[SourceVersion "1"]
[SourceVersionDate "2012.11.22"]
[SourceQuality "1"]

1. e4 c6 2. d4 d5 3. Nd2 dxe4 4. Nxe4 Bf5 5. Ng3 Bg6 6. h4 h6 7. h5 Bh7 8. Nf3 e6 9. Bd3 Bxd3 10. Qxd3 Nf6 11. Bd2 Nbd7 12. c4 Qc7 13. Ne4 0-0-0 14. 0-0-0 Be7 15. g3 e5 16. Nxf6 Bxf6 17. dxe5 Nxe5 18. Qf5+ Qd7 19. Qxd7+ Nxd7 20. Be3 Rhe8 21. Bd4 c5 22. Bxf6 Nxf6 23. Rxd8+ Kxd8 24. Rd1+ Kc7 25. Nh4 Re2 26. Rd2 Rxd2 27. Kxd2 Nxh5 28. Nf5 Kd7 29. Ke3 Ke6 30. g4 Ke5 31. Kf3 Nf4 32. Nxg7 Nd3 33. b3 Nc1 34. Ke3 Nxa2 35. f4+ Kf6 36. Nf5 h5 37. Nd6 hxg4 38. Nxb7 Kf5 39. Nxc5 Nb4 40. Na4 Nc2+ 41. Kd3 Ne1+ 42. Kd4 Ng2 43. c5 Nxf4 44. c6 Ne6+ 45. Kd5 Kf4 46. Nc5 Nc7+ 47. Kd4 g3 48. Nd3+ Kf3 49. Ne1+ Kf4 50. Nd3+ Kf3 51. Ke5 Ne8 52. Ne1+ Ke2 53. Ng2 Kf2 54. Nf4 g2 55. Nh3+ Ke3 56. Ng1 Kd3 57. Kf4 Kc3 58. Kg3 Kxb3 59. Kxg2 Kc4 60. Kf3 Kd5 61. Kf4 Kxc6 62. Nf3 Nd6 63. Ke5 Kc5 64. Ne1 a5 65. Nd3+ Kc4 66. Nb2+ Kb3 67. Nd3 Kc3 68. Nc5 Ne8 69. Ne4+ Kb4 70. Kd4 a4 71. Kd3 Nc7 72. Nd6 Kb3 73. Nxf7 a3 0-1

[Event "Moscow op-C"]
[Site "Moscow"]
[Date "2011.01.29"]
[Round "1"]
[White "Babkin, Ivan"]
[Black "Krivenko, Sergey"]
[Result "0-1"]
[WhiteElo "1953"]
[BlackElo "2326"]
[PlyCount "68"]
[EventDate "2011.01.29"]
[EventType "swiss"]
[EventRounds "9"]
[EventCountry "RUS"]
[SourceTitle "EXT 2012"]
[Source "ChessBase"]
[SourceDate "2011.11.24"]
[SourceVersion "1"]
[SourceVersionDate "2011.11.24"]
[SourceQuality "1"]

1. d4 e6 2. Nc3 d5 3. e4 Bb4 4. f3 dxe4 5. a3 Ba5 6. Be3 c5 7. dxc5 Bxc3+ 8. bxc3 Qa5 9. Qd4 Nf6 10. Qb4 Qc7 11. fxe4 Nc6 12. Qc4 Ng4 13. Bd2 Nxh2 14. Qe2 Qe5 15. Rb1 Nxf1 16. Kxf1 Qxc5 17. Nf3 e5 18. a4 Be6 19. Ke1 Bc4 20. Qe3 Qe7 21. Kf2 0-0-0 22. Be1 g6 23. Nd2 Be6 24. Kf1 Rd7 25. a5 f5 26. a6 b6 27. Bf2 Qd6 28. Ke1 h5 29. Qe2 f4 30. Nf3 Na5 31. Qb5 Nc4 32. Ke2 Na3 33. Qxe5 Bc4+ 34. Ke1 Nxc2# 0-1

[Event "Vienna op 16th"]
[Site "Vienna"]
[Date "2009.08.15"]
[Round "1"]
[White "Babkin, Ivan"]
[Black "Cristiani, Cesare"]
[Result "1/2-1/2"]
[WhiteElo "1881"]
[BlackElo "2169"]
[PlyCount "145"]
[EventDate "2009.08.15"]
[EventType "swiss"]
[EventRounds "9"]
[EventCountry "AUT"]
[SourceTitle "CBM 131 Extra"]
[Source "ChessBase"]
[SourceDate "2009.09.03"]
[SourceVersion "2"]
[SourceVersionDate "2009.09.16"]
[SourceQuality "1"]

1. d4 Nf6 2. Nc3 e6 3. Bg5 d5 4. e4 dxe4 5. Nxe4 Be7 6. Bxf6 Bxf6 7. c3 Nd7 8. Bd3 b6 9. Qc2 Bb7 10. Nf3 Be7 11. 0-0-0 c6 12. Qe2 Qc7 13. Kb1 h6 14. Ba6 Bxa6 15. Qxa6 b5 16. b4 0-0 17. Nc5 Nb6 18. Qb7 Rfc8 19. Qxc7 Rxc7 20. Na6 Rcc8 21. Ne5 Bd6 22. Kc2 Kf8 23. Nc5 Bxc5 24. dxc5 Nd5 25. a3 a5 26. Nd7+ Ke7 27. Rxd5 exd5 28. Nb6 Rcb8 29. Re1+ Kd8 30. Nxa8 Rxa8 31. Kb3 Kd7 32. Re2 Ra7 33. Re3 Kd8 34. Rg3 g6 35. Re3 a4+ 36. Kc2 Re7 37. Kd3 Rxe3+ 38. Kxe3 Ke7 39. g4 Ke6 40. h4 g5 41. hxg5 hxg5 42. f4 gxf4+ 43. Kxf4 Kf6 44. g5+ Ke6 45. Kg4 Ke5 46. Kh5 Ke4 47. Kh6 Kd3 48. Kg7 Kxc3 49. Kxf7 d4 50. g6 d3 51. g7 d2 52. g8Q d1Q 53. Qg3+ Kb2 54. Qg2+ Kxa3 55. Qxc6 Qf1+ 56. Ke7 Qe2+ 57. Kd7 Kxb4 58. Qd6 Qg4+ 59. Kc7 Qg7+ 60. Kb6 a3 61. c6+ Kb3 62. Qd3+ Kb2 63. Qxb5+ Ka1 64. c7 a2 65. Qf1+ Kb2 66. Qe2+ Kb1 67. Qd1+ Kb2 68. Qd2+ Kb1 69. c8Q Qf6+ 70. Kb5 Qe5+ 71. Kb4 Qe7+ 72. Kb5 Qe5+ 73. Kb4 1/2-1/2

[Event "Moscow op-B"]
[Site "Moscow"]
[Date "2009.02.06"]
[Round "7"]
[White "Babkin, Ivan"]
[Black "Sundukova, Ekaterina"]
[Result "1/2-1/2"]
[WhiteElo "1890"]
[BlackElo "1400"]
[PlyCount "72"]
[EventDate "2009.01.31"]
[EventType "swiss"]
[EventRounds "9"]
[EventCountry "RUS"]
[SourceTitle "EXT 2012"]
[Source "ChessBase"]
[SourceDate "2011.11.24"]
[SourceVersion "1"]
[SourceVersionDate "2011.11.24"]
[SourceQuality "1"]

1. d4 e6 2. Nc3 d5 3. e4 dxe4 4. Nxe4 Nf6 5. Bg5 Be7 6. Bxf6 Bxf6 7. c3 Nd7 8. Bd3 b6 9. Qc2 Bb7 10. f3 Qe7 11. 0-0-0 a6 12. Qb3 b5 13. a4 c6 14. Ne2 0-0 15. g4 c5 16. axb5 cxd4 17. cxd4 Rfc8+ 18. Kd2 Bd5 19. Qa3 Qd8 20. bxa6 Be7 21. b4 Nb6 22. Nc5 Bc4 23. Qc3 Bxa6 24. Bxa6 Rxa6 25. Ra1 Na4 26. Qd3 Nxc5 27. dxc5 Rxa1 28. Rxa1 Qc7 29. Qe4 Rd8+ 30. Ke3 Qxh2 31. Rf1 Qh3 32. Rc1 Bg5+ 33. Nf4 Qh2 34. Rc2 Bxf4+ 35. Qxf4 Rd3+ 36. Kxd3 Qxf4 1/2-1/2

[Event "Tatranska Lesna op"]
[Site "Tatranska Lesna"]
[Date "2006.06.29"]
[Round "6"]
[White "Babkin, Ivan"]
[Black "Kovac, Andrej"]
[Result "1/2-1/2"]
[WhiteElo "1950"]
[BlackElo "1801"]
[PlyCount "53"]
[EventDate "2006.06.24"]
[EventType "swiss"]
[EventRounds "7"]
[EventCountry "SVK"]
[SourceTitle "EXT 2008"]
[Source "ChessBase"]
[SourceDate "2007.11.25"]
[SourceVersion "1"]
[SourceVersionDate "2007.11.25"]
[SourceQuality "1"]

1. d4 f5 2. c4 e6 3. Nc3 b6 4. g3 Bb7 5. Nf3 Nf6 6. Bg2 Be7 7. 0-0 0-0 8. b3 Qe8 9. e3 h6 10. h4 d6 11. Bb2 a6 12. Qe2 Nbd7 13. Rad1 Qg6 14. Ne1 Bxg2 15. Nxg2 Nh5 16. Qf3 Ndf6 17. Ne2 Ne4 18. Nef4 Nxf4 19. Nxf4 Qf7 20. d5 exd5 21. Nxd5 Bd8 22. Qg2 Nf6 23. Nxf6+ Bxf6 24. Bxf6 Qxf6 25. Qd5+ Kh8 26. Qd4 Qxd4 27. exd4 1/2-1/2